000 00744nam a2200205 i 4500
001 123358
003 ES-MaACL
005 20250829043552.0
007 t|
008 070214s1932 sp r ||||1| spa d
100 1 _aQuevedo, Francisco de,
_d1580-1645
_994591
245 1 3 _aEl buscón y los sueños /
_cFrancisco de Quevedo ; edición ilustrada con numerosos grabados de la edición de V. Castelló.
260 _aBarcelona :
_bIberia,
_c1932.
300 _a98 p. :
_bil. ;
_c27 cm.
490 1 _aGrandes obras maestras de la literatura universal
700 0 _aCastelló, Vicente.
_936558
830 0 4 _aLas grandes obras maestras de la literatura universal
_9184846
852 _aES-MaACL
_jA-1184
999 _c123358
_d123358